[Event "World Chess Olympiad 2018"]
[Site "Batumi"]
[Date "2018.09.30"]
[Round "6"]
[Board "3"]
[WhiteFideId "15600289"]
[White "Ponomarenko John"]
[BlackFideId "5200750"]
[Black "Garcia Jan Emmanuel"]
[Result "0-1"]
[LiveChessVersion "1.4.8"]
[BlackElo "2439"]
[WhiteElo "1631"]

1. d4 {[%clk 1:30:52]} Nf6 {[%clk 1:30:32]} 2. Bf4 {[%clk 1:30:55]} g6
{[%clk 1:30:38]} 3. e3 {[%clk 1:30:56]} Bg7 {[%clk 1:30:55]} 4. Nf3
{[%clk 1:30:32]} O-O {[%clk 1:30:59]} 5. h3 {[%clk 1:29:56]} d6 {[%clk 1:30:49]}
6. Be2 {[%clk 1:29:20]} c5 {[%clk 1:31:04]} 7. c3 {[%clk 1:28:21]} Be6
{[%clk 1:30:28]} 8. Nbd2 {[%clk 1:25:04]} Qb6 {[%clk 1:30:30]} 9. b3
{[%clk 1:21:10]} Nd5 {[%clk 1:28:39]} 10. Rc1 {[%clk 1:17:13]} Nxf4
{[%clk 1:28:44]} 11. exf4 {[%clk 1:16:55]} cxd4 {[%clk 1:29:00]} 12. cxd4
{[%clk 1:12:28]} Nc6 {[%clk 1:27:39]} 13. O-O {[%clk 1:09:54]} Nxd4
{[%clk 1:27:24]} 14. Bd3 {[%clk 0:58:49]} Rac8 {[%clk 1:27:00]} 15. Nc4
{[%clk 0:53:06]} Bxc4 {[%clk 1:26:59]} 16. Bxc4 {[%clk 0:47:06]} d5
{[%clk 1:25:50]} 17. Nxd4 {[%clk 0:41:00]} dxc4 {[%clk 1:25:59]} 18. Ne2
{[%clk 0:33:32]} Rfd8 {[%clk 1:22:12]} 19. Qe1 {[%clk 0:31:37]} cxb3
{[%clk 1:22:13]} 20. axb3 {[%clk 0:28:58]} Qxb3 {[%clk 1:21:57]} 21. Qa5
{[%clk 0:26:24]} Qb2 {[%clk 1:21:02]} 22. Rfe1 {[%clk 0:23:58]} Qb6
{[%clk 1:17:24]} 23. Qxb6 {[%clk 0:22:57]} axb6 {[%clk 1:17:49]} 24. Rb1
{[%clk 0:21:48]} Rc6 {[%clk 1:17:30]} 25. Rb5 {[%clk 0:12:44]} e6
{[%clk 1:16:59]} 26. Ng3 {[%clk 0:08:16]} Bd4 {[%clk 1:16:39]} 27. Nh1
{[%clk 0:08:23]} Bc5 {[%clk 1:16:19]} 28. Rb2 {[%clk 0:06:55]} Rcd6
{[%clk 1:16:41]} 29. Ree2 {[%clk 0:05:53]} Rd3 {[%clk 1:16:06]} 30. g3
{[%clk 0:05:24]} Rc3 {[%clk 1:15:41]} 31. Rbc2 {[%clk 0:04:07]} Ra3
{[%clk 1:15:18]} 32. Ra2 {[%clk 0:04:20]} Rxa2 {[%clk 1:15:27]} 33. Rxa2
{[%clk 0:04:42]} b5 {[%clk 1:15:43]} 34. g4 {[%clk 0:03:39]} b4 {[%clk 1:15:45]}
35. Rb2 {[%clk 0:03:55]} Rd3 {[%clk 1:16:01]} 36. Kg2 {[%clk 0:03:54]} b3
{[%clk 1:16:21]} 37. Ng3 {[%clk 0:03:29]} Bd4 {[%clk 1:16:41]} 38. Rb1
{[%clk 0:03:48]} b2 {[%clk 1:17:00]} 39. Ne2 {[%clk 0:03:15]} Bg7
{[%clk 1:16:57]} 40. f3 {[%clk 0:33:11]} Ra3 {[%clk 1:47:06]} 0-1

[Event "World Chess Olympiad 2018"]
[Site "Batumi"]
[Date "2018.09.30"]
[Round "6"]
[Board "4"]
[WhiteFideId "5203953"]
[White "Pascua Haridas"]
[BlackFideId "15600238"]
[Black "Wilson David"]
[Result "1-0"]
[LiveChessVersion "1.4.8"]
[BlackElo "1651"]
[WhiteElo "2435"]

1. Nf3 {[%clk 1:30:43]} b6 {[%clk 1:30:14]} 2. g3 {[%clk 1:30:55]} Bb7
{[%clk 1:29:46]} 3. Bg2 {[%clk 1:31:16]} Nf6 {[%clk 1:29:56]} 4. O-O
{[%clk 1:31:36]} e6 {[%clk 1:29:46]} 5. d3 {[%clk 1:31:45]} Be7 {[%clk 1:27:46]}
6. e4 {[%clk 1:32:06]} O-O {[%clk 1:26:24]} 7. e5 {[%clk 1:31:29]} Ne8
{[%clk 1:24:04]} 8. Nc3 {[%clk 1:31:48]} c5 {[%clk 1:21:26]} 9. h4
{[%clk 1:30:59]} f6 {[%clk 1:19:13]} 10. Ne4 {[%clk 1:25:13]} d5 {[%clk 1:13:32]}
11. Nc3 {[%clk 1:19:36]} Nc6 {[%clk 1:09:43]} 12. exf6 {[%clk 1:18:47]} Bxf6
{[%clk 1:08:50]} 13. Ng5 {[%clk 1:18:48]} Bxg5 {[%clk 1:03:06]} 14. Bxg5
{[%clk 1:18:51]} Nf6 {[%clk 1:03:10]} 15. Re1 {[%clk 1:17:59]} Qd7
{[%clk 1:00:40]} 16. Ne2 {[%clk 1:07:49]} d4 {[%clk 0:52:11]} 17. Bxf6
{[%clk 1:02:25]} Rxf6 {[%clk 0:52:17]} 18. Nf4 {[%clk 1:02:50]} Raf8
{[%clk 0:44:05]} 19. Qg4 {[%clk 1:02:38]} Bc8 {[%clk 0:42:03]} 20. Re2
{[%clk 1:00:34]} e5 {[%clk 0:34:57]} 21. Qxd7 {[%clk 1:00:23]} Bxd7
{[%clk 0:35:27]} 22. Bxc6 {[%clk 1:00:10]} Bxc6 {[%clk 0:35:55]} 23. Rxe5
{[%clk 1:00:33]} h6 {[%clk 0:29:46]} 24. Ne6 {[%clk 0:55:46]} R8f7
{[%clk 0:29:15]} 25. f4 {[%clk 0:54:10]} Bd7 {[%clk 0:24:32]} 26. Rae1
{[%clk 0:49:19]} Bxe6 {[%clk 0:23:17]} 27. Rxe6 {[%clk 0:49:42]} Rxe6
{[%clk 0:23:19]} 28. Rxe6 {[%clk 0:50:06]} Kf8 {[%clk 0:23:47]} 29. Kg2
{[%clk 0:50:30]} Re7 {[%clk 0:16:05]} 30. Rxe7 {[%clk 0:49:21]} Kxe7
{[%clk 0:16:34]} 31. Kf3 {[%clk 0:49:34]} Ke6 {[%clk 0:13:39]} 32. Ke4
{[%clk 0:49:54]} h5 {[%clk 0:12:20]} 33. f5+ {[%clk 0:49:27]} Kf6
{[%clk 0:12:32]} 34. a4 {[%clk 0:49:12]} a5 {[%clk 0:12:09]} 35. Kf4
{[%clk 0:49:30]} g6 {[%clk 0:11:41]} 36. fxg6 {[%clk 0:49:53]} Kxg6
{[%clk 0:12:05]} 37. Ke5 {[%clk 0:50:19]} Kg7 {[%clk 0:11:52]} 38. Kf5
{[%clk 0:50:42]} Kh6 {[%clk 0:12:18]} 39. Kf6 {[%clk 1:21:07]} 1-0

[Event "World Chess Olympiad 2018"]
[Site "Batumi"]
[Date "2018.09.30"]
[Round "6"]
[Board "1"]
[WhiteFideId "10100792"]
[White "Miguel Sergio"]
[BlackFideId "3508684"]
[Black "Sanchez Alvarez Roberto Carlos"]
[Result "0-1"]
[LiveChessVersion "1.4.8"]
[BlackElo "2391"]
[WhiteElo "2285"]

1. e4 {[%clk 1:30:57]} c5 {[%clk 1:30:51]} 2. Nf3 {[%clk 1:31:17]} d6
{[%clk 1:31:11]} 3. d4 {[%clk 1:31:38]} cxd4 {[%clk 1:31:34]} 4. Nxd4
{[%clk 1:32:05]} Nf6 {[%clk 1:31:55]} 5. Nc3 {[%clk 1:32:27]} a6 {[%clk 1:32:18]}
6. Be2 {[%clk 1:32:51]} Nbd7 {[%clk 1:31:34]} 7. Be3 {[%clk 1:31:30]} e6
{[%clk 1:31:53]} 8. f4 {[%clk 1:28:44]} b5 {[%clk 1:32:04]} 9. Bf3
{[%clk 1:28:42]} Bb7 {[%clk 1:32:14]} 10. e5 {[%clk 1:24:59]} Bxf3
{[%clk 1:26:25]} 11. Qxf3 {[%clk 1:25:21]} dxe5 {[%clk 1:26:40]} 12. Nc6
{[%clk 1:25:30]} Qc7 {[%clk 1:22:31]} 13. Nxe5 {[%clk 1:22:56]} Rc8
{[%clk 1:21:25]} 14. Nxd7 {[%clk 1:21:27]} Qxd7 {[%clk 1:15:36]} 15. O-O
{[%clk 1:18:27]} Be7 {[%clk 0:57:57]} 16. Rfd1 {[%clk 1:13:23]} Qc7
{[%clk 0:48:44]} 17. a3 {[%clk 1:04:41]} O-O {[%clk 0:48:54]} 18. Rd3
{[%clk 1:04:38]} Qc6 {[%clk 0:31:53]} 19. Qxc6 {[%clk 1:01:38]} Rxc6
{[%clk 0:31:59]} 20. h3 {[%clk 1:00:28]} Rb8 {[%clk 0:27:46]} 21. Rc1
{[%clk 0:49:57]} Rbc8 {[%clk 0:26:32]} 22. Bd4 {[%clk 0:48:05]} Kf8
{[%clk 0:24:37]} 23. Kf2 {[%clk 0:43:09]} Ne8 {[%clk 0:23:31]} 24. Rcd1
{[%clk 0:34:25]} Nd6 {[%clk 0:22:22]} 25. Be3 {[%clk 0:34:15]} Nc4
{[%clk 0:21:00]} 26. Bc1 {[%clk 0:30:34]} Nxa3 {[%clk 0:21:09]} 27. R1d2
{[%clk 0:29:58]} Nc4 {[%clk 0:19:20]} 28. Re2 {[%clk 0:26:01]} Nd6
{[%clk 0:18:11]} 29. Bd2 {[%clk 0:19:14]} f5 {[%clk 0:17:38]} 30. Be1
{[%clk 0:14:15]} b4 {[%clk 0:12:25]} 31. Na2 {[%clk 0:14:18]} a5 {[%clk 0:12:54]}
32. c3 {[%clk 0:14:02]} b3 {[%clk 0:13:16]} 33. Nc1 {[%clk 0:14:13]} a4
{[%clk 0:13:45]} 34. Rd4 {[%clk 0:11:39]} Nc4 {[%clk 0:07:46]} 35. Nd3
{[%clk 0:09:43]} Bf6 {[%clk 0:07:58]} 36. Rd7 {[%clk 0:08:32]} Rd8
{[%clk 0:08:14]} 37. Rxd8+ {[%clk 0:06:01]} Bxd8 {[%clk 0:08:42]} 38. Ne5
{[%clk 0:05:02]} Nxe5 {[%clk 0:04:57]} 39. fxe5 {[%clk 0:05:31]} Rb6
{[%clk 0:01:04]} 40. Rd2 {[%clk 0:35:18]} Be7 {[%clk 0:30:32]} 41. Rd1
{[%clk 0:34:51]} Rb5 {[%clk 0:25:18]} 42. Ra1 {[%clk 0:35:03]} a3
{[%clk 0:25:29]} 43. bxa3 {[%clk 0:35:32]} Bxa3 {[%clk 0:21:56]} 44. Ke3
{[%clk 0:33:49]} Rxe5+ {[%clk 0:20:45]} 45. Kd3 {[%clk 0:33:40]} b2
{[%clk 0:15:15]} 46. Rb1 {[%clk 0:34:02]} Rb5 {[%clk 0:14:28]} 47. c4
{[%clk 0:31:50]} Rb7 {[%clk 0:14:28]} 48. Bc3 {[%clk 0:31:47]} Kf7
{[%clk 0:14:32]} 49. Bd4 {[%clk 0:29:22]} Be7 {[%clk 0:09:49]} 50. Rxb2
{[%clk 0:25:37]} Rd7 {[%clk 0:10:17]} 51. Ra2 {[%clk 0:21:51]} Rb7 0-1

[Event "World Chess Olympiad 2018"]
[Site "Batumi"]
[Date "2018.09.30"]
[Round "6"]
[Board "2"]
[WhiteFideId "6600247"]
[White "Baules Jorge"]
[BlackFideId "10100091"]
[Black "Soares Erikson Roberto Mauricio"]
[Result "0-1"]
[LiveChessVersion "1.4.8"]
[BlackElo "2283"]
[WhiteElo "2358"]

1. e4 {[%clk 1:30:56]} e6 {[%clk 1:30:52]} 2. d4 {[%clk 1:31:16]} d5
{[%clk 1:31:16]} 3. e5 {[%clk 1:31:45]} c5 {[%clk 1:31:40]} 4. c3
{[%clk 1:32:13]} Nc6 {[%clk 1:32:00]} 5. Nf3 {[%clk 1:32:42]} Qb6
{[%clk 1:31:52]} 6. a3 {[%clk 1:33:03]} cxd4 {[%clk 1:30:33]} 7. cxd4
{[%clk 1:33:24]} Nh6 {[%clk 1:31:02]} 8. Bd3 {[%clk 1:22:26]} Nf5
{[%clk 1:27:18]} 9. Bxf5 {[%clk 1:21:44]} exf5 {[%clk 1:27:46]} 10. Nc3
{[%clk 1:22:06]} Be6 {[%clk 1:28:12]} 11. O-O {[%clk 1:22:34]} Be7
{[%clk 1:27:54]} 12. b4 {[%clk 1:21:30]} Rc8 {[%clk 1:19:25]} 13. Be3
{[%clk 1:09:28]} Qd8 {[%clk 1:15:08]} 14. Qd2 {[%clk 1:09:27]} h6
{[%clk 1:15:20]} 15. Ne1 {[%clk 1:09:49]} Nxb4 {[%clk 1:13:54]} 16. axb4
{[%clk 1:10:09]} Bxb4 {[%clk 1:14:18]} 17. Rxa7 {[%clk 0:48:43]} Bxc3
{[%clk 1:11:48]} 18. Qa2 {[%clk 0:49:04]} b5 {[%clk 0:48:18]} 19. Qa6
{[%clk 0:43:28]} O-O {[%clk 0:45:20]} 20. Nd3 {[%clk 0:37:02]} Qe8
{[%clk 0:37:02]} 21. Rb7 {[%clk 0:05:49]} Rc4 {[%clk 0:35:52]} 22. Rxb5
{[%clk 0:06:11]} Bc8 {[%clk 0:33:41]} 23. Qb6 {[%clk 0:04:48]} Rc6
{[%clk 0:34:05]} 24. Qb8 {[%clk 0:02:28]} Ba6 {[%clk 0:34:19]} 25. Rfb1
{[%clk 0:02:57]} Qxb8 {[%clk 0:33:50]} 26. Rxb8 {[%clk 0:03:25]} Bxd3
{[%clk 0:33:56]} 0-1

[Event "World Chess Olympiad 2018"]
[Site "Batumi"]
[Date "2018.09.30"]
[Round "6"]
[Board "3"]
[WhiteFideId "10101314"]
[White "Silva David"]
[BlackFideId "6600913"]
[Black "Leon Orlando"]
[Result "1-0"]
[LiveChessVersion "1.4.8"]
[BlackElo "2196"]
[WhiteElo "2223"]

1. e4 {[%clk 1:30:54]} c5 {[%clk 1:30:55]} 2. Nf3 {[%clk 1:30:47]} d6
{[%clk 1:31:18]} 3. Nc3 {[%clk 1:30:15]} Nf6 {[%clk 1:31:39]} 4. d4
{[%clk 1:30:40]} cxd4 {[%clk 1:31:54]} 5. Nxd4 {[%clk 1:30:55]} a6
{[%clk 1:32:17]} 6. a3 {[%clk 1:30:23]} e5 {[%clk 1:30:38]} 7. Nf5
{[%clk 1:30:46]} d5 {[%clk 1:21:30]} 8. Bg5 {[%clk 1:25:53]} d4 {[%clk 1:20:38]}
9. Bxf6 {[%clk 1:26:11]} Qxf6 {[%clk 1:20:54]} 10. Nd5 {[%clk 1:26:32]} Qd8
{[%clk 1:20:52]} 11. Qg4 {[%clk 1:26:53]} Bxf5 {[%clk 1:04:07]} 12. Qxf5
{[%clk 1:23:19]} Bd6 {[%clk 1:04:18]} 13. h4 {[%clk 1:23:41]} Nc6
{[%clk 0:59:34]} 14. Bc4 {[%clk 1:23:13]} O-O {[%clk 0:56:19]} 15. Rh3
{[%clk 1:23:30]} Ne7 {[%clk 0:39:18]} 16. Nf6+ {[%clk 1:23:22]} gxf6
{[%clk 0:39:34]} 17. Rg3+ {[%clk 1:23:46]} Ng6 {[%clk 0:39:45]} 18. h5
{[%clk 1:24:10]} Kh8 {[%clk 0:32:16]} 19. hxg6 {[%clk 1:19:47]} fxg6
{[%clk 0:32:09]} 20. Qf3 {[%clk 1:15:44]} Rc8 {[%clk 0:27:35]} 21. Bd3
{[%clk 1:15:33]} f5 {[%clk 0:18:05]} 22. O-O-O {[%clk 1:13:58]} Qh4
{[%clk 0:07:02]} 23. Rh3 {[%clk 1:13:43]} Qg4 {[%clk 0:05:35]} 24. exf5
{[%clk 1:13:36]} gxf5 {[%clk 0:02:40]} 25. Rxh7+ {[%clk 1:13:51]} Kg8
{[%clk 0:02:11]} 26. Qxb7 {[%clk 1:13:47]} 1-0

[Event "World Chess Olympiad 2018"]
[Site "Batumi"]
[Date "2018.09.30"]
[Round "6"]
[Board "4"]
[WhiteFideId "6100538"]
[White "Ramos Efren Andres"]
[BlackFideId "10100431"]
[Black "Oliveira Luciano"]
[Result "1-0"]
[LiveChessVersion "1.4.8"]
[BlackElo "2216"]
[WhiteElo "2244"]

1. Nf3 {[%clk 1:30:38]} d5 {[%clk 1:30:12]} 2. d4 {[%clk 1:30:56]} Nf6
{[%clk 1:30:13]} 3. c4 {[%clk 1:31:19]} e6 {[%clk 1:30:09]} 4. g3
{[%clk 1:31:28]} Be7 {[%clk 1:30:14]} 5. Bg2 {[%clk 1:31:50]} O-O
{[%clk 1:30:38]} 6. O-O {[%clk 1:32:10]} a6 {[%clk 1:29:50]} 7. Nbd2
{[%clk 1:26:39]} c5 {[%clk 1:28:08]} 8. dxc5 {[%clk 1:25:33]} Bxc5
{[%clk 1:26:28]} 9. cxd5 {[%clk 1:25:39]} exd5 {[%clk 1:26:22]} 10. Nb3
{[%clk 1:25:51]} Ba7 {[%clk 1:26:15]} 11. Bg5 {[%clk 1:25:52]} h6
{[%clk 1:25:58]} 12. Bf4 {[%clk 1:24:56]} Nc6 {[%clk 1:25:54]} 13. Rc1
{[%clk 1:22:10]} Qe7 {[%clk 1:21:01]} 14. Nfd4 {[%clk 1:19:57]} Bd7
{[%clk 1:15:38]} 15. Be3 {[%clk 1:10:28]} Qd6 {[%clk 1:01:10]} 16. Qd2
{[%clk 1:06:30]} Rfe8 {[%clk 1:00:12]} 17. Bf4 {[%clk 1:00:10]} Qe7
{[%clk 1:00:11]} 18. Rfd1 {[%clk 0:49:56]} Rac8 {[%clk 0:59:03]} 19. Be3
{[%clk 0:44:05]} Qf8 {[%clk 0:56:15]} 20. Nc2 {[%clk 0:41:49]} Bg4
{[%clk 0:32:31]} 21. h3 {[%clk 0:38:52]} Bh5 {[%clk 0:24:07]} 22. g4
{[%clk 0:37:04]} Bg6 {[%clk 0:23:51]} 23. Bxa7 {[%clk 0:37:15]} Nxa7
{[%clk 0:24:11]} 24. Ne3 {[%clk 0:37:13]} Nc6 {[%clk 0:16:03]} 25. Nxd5
{[%clk 0:31:42]} Nxd5 {[%clk 0:15:59]} 26. Bxd5 {[%clk 0:31:54]} Rcd8
{[%clk 0:13:19]} 27. Qf4 {[%clk 0:21:48]} Rxe2 {[%clk 0:13:22]} 28. Bxc6
{[%clk 0:17:23]} bxc6 {[%clk 0:13:36]} 29. Re1 {[%clk 0:10:42]} Rxb2
{[%clk 0:13:49]} 30. Rxc6 {[%clk 0:10:11]} Rxa2 {[%clk 0:13:24]} 31. Qc4
{[%clk 0:10:05]} Kh7 {[%clk 0:10:08]} 32. Nc1 {[%clk 0:06:10]} Ra3
{[%clk 0:07:51]} 33. h4 {[%clk 0:05:44]} a5 {[%clk 0:05:08]} 34. h5
{[%clk 0:05:47]} Bd3 {[%clk 0:05:23]} 35. Qf4 {[%clk 0:03:06]} Rd5
{[%clk 0:02:36]} 36. Rc7 {[%clk 0:03:17]} Kg8 {[%clk 0:02:22]} 37. Ree7
{[%clk 0:03:33]} Rc5 {[%clk 0:01:00]} 38. Rxf7 {[%clk 0:03:14]} 1-0

[Event "World Chess Olympiad 2018"]
[Site "Batumi"]
[Date "2018.09.30"]
[Round "6"]
[Board "1"]
[WhiteFideId "12100293"]
[White "Nezad Husein Aziz"]
[BlackFideId "14700077"]
[Black "Amonatov Farrukh"]
[Result "1/2-1/2"]
[LiveChessVersion "1.4.8"]
[BlackElo "2615"]
[WhiteElo "2412"]

1. d4 {[%clk 1:30:52]} Nf6 {[%clk 1:30:42]} 2. c4 {[%clk 1:31:15]} g6
{[%clk 1:31:07]} 3. Nc3 {[%clk 1:31:34]} Bg7 {[%clk 1:31:31]} 4. e4
{[%clk 1:31:57]} O-O {[%clk 1:31:51]} 5. Nf3 {[%clk 1:32:20]} c6 {[%clk 1:31:30]}
6. Be2 {[%clk 1:30:38]} d5 {[%clk 1:31:53]} 7. e5 {[%clk 1:30:36]} Ne4
{[%clk 1:32:16]} 8. O-O {[%clk 1:30:50]} Nxc3 {[%clk 1:30:26]} 9. bxc3
{[%clk 1:31:13]} dxc4 {[%clk 1:25:30]} 10. Bxc4 {[%clk 1:31:26]} c5
{[%clk 1:25:53]} 11. h3 {[%clk 1:21:32]} Nc6 {[%clk 1:25:42]} 12. a4
{[%clk 1:21:06]} Bf5 {[%clk 1:21:04]} 13. Ba3 {[%clk 1:06:40]} cxd4
{[%clk 1:18:41]} 14. cxd4 {[%clk 1:06:51]} Be4 {[%clk 1:11:12]} 15. e6
{[%clk 0:55:02]} fxe6 {[%clk 1:02:43]} 16. Ng5 {[%clk 0:52:48]} Bd5
{[%clk 1:03:06]} 17. Nxe6 {[%clk 0:53:06]} Bxe6 {[%clk 1:03:20]} 18. Bxe6+
{[%clk 0:53:30]} Kh8 {[%clk 1:03:43]} 19. d5 {[%clk 0:52:57]} Nd4
{[%clk 1:04:07]} 20. Rb1 {[%clk 0:49:50]} b6 {[%clk 0:56:21]} 21. Re1
{[%clk 0:46:40]} Qc7 {[%clk 0:53:47]} 22. Re4 {[%clk 0:44:19]} Nxe6
{[%clk 0:50:01]} 23. dxe6 {[%clk 0:44:21]} Rad8 {[%clk 0:49:14]} 24. Qe2
{[%clk 0:41:57]} Rd5 {[%clk 0:40:23]} 25. Qc4 {[%clk 0:31:59]} Qb7
{[%clk 0:33:28]} 26. Rc1 {[%clk 0:17:43]} Bf6 {[%clk 0:23:50]} 27. Re2
{[%clk 0:06:27]} Kg7 {[%clk 0:16:07]} 28. Qe4 {[%clk 0:03:22]} Rb8
{[%clk 0:15:06]} 29. g3 {[%clk 0:02:15]} Ra5 {[%clk 0:08:30]} 30. Rd1
{[%clk 0:02:35]} Qxe4 {[%clk 0:03:15]} 31. Rxe4 {[%clk 0:03:03]} Rb7 32. Kg2
{[%clk 0:02:57]} Rc7 {[%clk 0:02:08]} 33. h4 {[%clk 0:03:01]} h5 {[%clk 0:01:26]}
34. Rd7 {[%clk 0:01:06]} Rxd7 {[%clk 0:01:37]} 35. exd7 {[%clk 0:01:34]} Rd5
{[%clk 0:01:22]} 36. Bxe7 {[%clk 0:02:00]} Rxd7 {[%clk 0:01:50]} 37. Bxf6+
{[%clk 0:02:20]} Kxf6 {[%clk 0:02:15]} 38. g4 {[%clk 0:00:37]} hxg4
{[%clk 0:01:20]} 39. Rxg4 {[%clk 0:01:06]} Rd3 {[%clk 0:00:42]} 40. f3
{[%clk 0:31:04]} Rb3 {[%clk 0:30:41]} 41. Kg3 {[%clk 0:30:56]} b5
{[%clk 0:27:30]} 42. axb5 {[%clk 0:30:40]} Rxb5 {[%clk 0:27:54]} 43. Rc4
{[%clk 0:30:32]} Ke5 {[%clk 0:24:21]} 44. Rg4 {[%clk 0:27:23]} Kf6
{[%clk 0:22:02]} 45. Rc4 {[%clk 0:27:31]} a5 {[%clk 0:21:44]} 46. Rc6+
{[%clk 0:27:19]} Kg7 {[%clk 0:21:31]} 47. Ra6 {[%clk 0:27:27]} Kh6
{[%clk 0:21:53]} 48. Ra8 {[%clk 0:27:25]} Rc5 {[%clk 0:22:05]} 49. Ra7
{[%clk 0:27:33]} Rb5 {[%clk 0:22:22]} 50. f4 {[%clk 0:27:20]} Rb3+
{[%clk 0:22:16]} 51. Kg4 {[%clk 0:27:44]} Ra3 {[%clk 0:22:12]} 52. Ra6
{[%clk 0:27:59]} Ra1 {[%clk 0:21:26]} 53. f5 {[%clk 0:27:16]} Rg1+
{[%clk 0:21:44]} 54. Kh3 {[%clk 0:27:24]} Kg7 {[%clk 0:21:18]} 1/2-1/2

[Event "World Chess Olympiad 2018"]
[Site "Batumi"]
[Date "2018.09.30"]
[Round "6"]
[Board "2"]
[WhiteFideId "14700727"]
[White "Khusenkhojaev Mustafokhuja"]
[BlackFideId "12101001"]
[Black "Salih Al Hor"]
[Result "1-0"]
[LiveChessVersion "1.4.8"]
[BlackElo "1847"]
[WhiteElo "2229"]

1. d4 {[%clk 1:30:56]} d6 {[%clk 1:30:55]} 2. Nf3 {[%clk 1:31:12]} g6
{[%clk 1:31:06]} 3. c4 {[%clk 1:31:25]} Nf6 {[%clk 1:31:21]} 4. Nc3
{[%clk 1:31:41]} Bf5 {[%clk 1:31:45]} 5. g3 {[%clk 1:30:57]} Ne4 {[%clk 1:30:59]}
6. Qb3 {[%clk 1:27:58]} Nxc3 {[%clk 1:30:55]} 7. bxc3 {[%clk 1:24:22]} Be4
{[%clk 1:31:17]} 8. Bg2 {[%clk 1:24:11]} Bg7 {[%clk 1:31:20]} 9. O-O
{[%clk 1:23:27]} O-O {[%clk 1:31:18]} 10. Nh4 {[%clk 1:17:15]} Bxg2
{[%clk 1:31:42]} 11. Kxg2 {[%clk 1:16:27]} b6 {[%clk 1:30:06]} 12. e4
{[%clk 1:08:14]} Qc8 {[%clk 1:25:14]} 13. Be3 {[%clk 1:04:14]} Nd7
{[%clk 1:24:22]} 14. Qc2 {[%clk 0:55:39]} c5 {[%clk 1:20:34]} 15. Qd3
{[%clk 0:51:37]} Qa6 {[%clk 1:09:05]} 16. f4 {[%clk 0:47:04]} Rac8
{[%clk 1:08:22]} 17. d5 {[%clk 0:46:25]} Qa3 {[%clk 1:04:32]} 18. Bd2
{[%clk 0:46:00]} Rc7 {[%clk 0:57:03]} 19. Rfb1 {[%clk 0:44:18]} Qa6
{[%clk 0:55:24]} 20. a4 {[%clk 0:43:55]} Qc8 {[%clk 0:54:57]} 21. Nf3
{[%clk 0:43:41]} Rb7 {[%clk 0:53:10]} 22. Rb5 {[%clk 0:40:16]} a6
{[%clk 0:52:14]} 23. Rb3 {[%clk 0:39:13]} b5 {[%clk 0:51:33]} 24. axb5
{[%clk 0:38:59]} axb5 {[%clk 0:51:58]} 25. Rxb5 {[%clk 0:36:54]} Rxb5
{[%clk 0:52:19]} 26. cxb5 {[%clk 0:37:17]} c4 {[%clk 0:51:29]} 27. Qe2
{[%clk 0:34:59]} Qc5 {[%clk 0:50:03]} 28. Rb1 {[%clk 0:34:37]} Rb8
{[%clk 0:49:01]} 29. Be3 {[%clk 0:29:36]} Qa3 {[%clk 0:48:47]} 30. Qxc4
{[%clk 0:27:44]} Bxc3 {[%clk 0:48:34]} 31. Bf2 {[%clk 0:27:16]} Ba5
{[%clk 0:46:37]} 32. Nd4 {[%clk 0:25:13]} Nb6 {[%clk 0:39:11]} 33. Qb3
{[%clk 0:24:59]} Qxb3 {[%clk 0:39:35]} 34. Rxb3 {[%clk 0:25:19]} Nc4
{[%clk 0:39:57]} 35. Nc6 {[%clk 0:25:33]} Rb7 {[%clk 0:39:08]} 36. Nxa5
{[%clk 0:24:21]} Nxa5 {[%clk 0:39:30]} 37. Rb4 {[%clk 0:24:45]} Kf8
{[%clk 0:39:35]} 38. b6 {[%clk 0:24:55]} Ke8 {[%clk 0:39:19]} 39. Ra4
{[%clk 0:24:13]} Nb3 {[%clk 0:39:47]} 40. Be3 {[%clk 0:54:14]} Nc5
{[%clk 1:09:44]} 41. Bxc5 {[%clk 0:54:31]} dxc5 {[%clk 1:10:08]} 42. Ra6
{[%clk 0:54:55]} Kd7 {[%clk 1:04:55]} 43. Kf3 {[%clk 0:54:58]} Kd6
{[%clk 0:59:20]} 44. Ke3 {[%clk 0:45:00]} f5 {[%clk 0:32:00]} 45. h3
{[%clk 0:39:51]} h5 {[%clk 0:31:13]} 46. Kd3 {[%clk 0:38:16]} e6 {[%clk 0:22:33]}
47. dxe6 Kxe6 {[%clk 0:20:43]} 48. exf5+ {[%clk 0:38:26]} Kxf5 {[%clk 0:12:39]}
49. Kc4 {[%clk 0:38:44]} Ke4 {[%clk 0:11:28]} 50. Kxc5 {[%clk 0:39:07]} Rf7
{[%clk 0:09:55]} 51. Ra4+ {[%clk 0:39:17]} Kf3 {[%clk 0:09:51]} 52. Ra3+
{[%clk 0:39:40]} Kg2 {[%clk 0:10:16]} 53. h4 {[%clk 0:40:05]} Kh3
{[%clk 0:09:40]} 54. Kc6 {[%clk 0:40:28]} Rf6+ {[%clk 0:07:51]} 55. Kc7
{[%clk 0:40:52]} Rf7+ {[%clk 0:08:32]} 56. Kb8 {[%clk 0:41:15]} 1-0

[Event "World Chess Olympiad 2018"]
[Site "Batumi"]
[Date "2018.09.30"]
[Round "6"]
[Board "3"]
[WhiteFideId "12100986"]
[White "Ghanem Al Shamari"]
[BlackFideId "14700859"]
[Black "Kabilov Amin"]
[Result "0-1"]
[LiveChessVersion "1.4.8"]
[BlackElo "2178"]
[WhiteElo "1840"]

1. d4 {[%clk 1:30:57]} Nf6 {[%clk 1:30:34]} 2. Bf4 {[%clk 1:31:22]} c5
{[%clk 1:30:02]} 3. e3 {[%clk 1:31:34]} Qb6 {[%clk 1:27:55]} 4. Nc3
{[%clk 1:31:20]} d6 {[%clk 1:28:04]} 5. Nf3 {[%clk 1:30:03]} Bd7 {[%clk 1:26:50]}
6. Rb1 {[%clk 1:28:04]} g6 {[%clk 1:25:34]} 7. Be2 {[%clk 1:27:25]} Bg7
{[%clk 1:25:46]} 8. O-O {[%clk 1:26:52]} O-O {[%clk 1:25:33]} 9. h3
{[%clk 1:25:52]} cxd4 {[%clk 1:12:09]} 10. exd4 {[%clk 1:16:31]} Bf5
{[%clk 1:11:56]} 11. g4 {[%clk 1:12:37]} Bd7 {[%clk 1:01:49]} 12. Qd2
{[%clk 1:12:33]} Rc8 {[%clk 0:54:49]} 13. Rfe1 {[%clk 1:11:06]} Nc6
{[%clk 0:50:24]} 14. Bf1 {[%clk 1:08:34]} d5 {[%clk 0:42:25]} 15. g5
{[%clk 1:04:49]} Ne4 {[%clk 0:42:40]} 16. Nxe4 {[%clk 1:04:25]} dxe4
{[%clk 0:43:02]} 17. Rxe4 {[%clk 0:59:22]} Bf5 {[%clk 0:43:17]} 18. Ree1
{[%clk 0:58:06]} Nxd4 {[%clk 0:40:33]} 19. Nxd4 {[%clk 0:57:56]} Bxd4
{[%clk 0:40:43]} 20. Bd3 {[%clk 0:55:28]} Bxh3 {[%clk 0:37:02]} 21. Rxe7
{[%clk 0:55:33]} Re8 {[%clk 0:34:29]} 22. Rbe1 {[%clk 0:50:56]} Rxe7
{[%clk 0:20:39]} 23. Rxe7 {[%clk 0:51:18]} Bc5 {[%clk 0:20:07]} 24. Be3
{[%clk 0:49:48]} Rd8 {[%clk 0:17:26]} 25. Bxc5 {[%clk 0:48:23]} Qxc5
{[%clk 0:17:49]} 26. Qe3 {[%clk 0:47:42]} Qd5 {[%clk 0:16:49]} 27. f3
{[%clk 0:43:11]} Be6 {[%clk 0:15:41]} 28. Kf2 {[%clk 0:39:41]} Rc8
{[%clk 0:05:46]} 29. Be4 {[%clk 0:35:26]} Qxa2 {[%clk 0:04:24]} 30. Rxb7
{[%clk 0:35:32]} a5 {[%clk 0:04:31]} 31. Qb6 {[%clk 0:35:20]} Qc4
{[%clk 0:03:40]} 32. Qxa5 {[%clk 0:31:49]} Qd4+ {[%clk 0:03:18]} 33. Kg2
{[%clk 0:31:59]} Qe3 {[%clk 0:02:50]} 34. Qe5 {[%clk 0:30:32]} Rxc2+
{[%clk 0:03:06]} 0-1